| 000 | 02574cam a22005414i 4500 | ||
|---|---|---|---|
| 003 | PE-LiUPU | ||
| 005 | 20250731173343.0 | ||
| 008 | 150706s2006 gd rb 000 0 spa d | ||
| 020 | _a8481646830 | ||
| 035 | _a(Sirsi) i9788481646832 | ||
| 035 | _a(Sirsi) i9788481646832 | ||
| 040 |
_aPE-LiUPU _bspa _cPE-LiUPU _erda |
||
| 049 | _aPRUA | ||
| 082 | 0 | 4 |
_a220.09 _bP45 _221 |
| 100 | 1 |
_aPérez Fernández, Miguel, _eautor. |
|
| 245 | 1 | 0 |
_aHistoria de la Biblia / _cMiguel Pérez Fernández y Julio Trebolle Barrera. |
| 264 | 1 |
_aGranada : _bTrotta, _c2006. |
|
| 300 | _a01 CD-ROM | ||
| 300 |
_a348 páginas ; _c23 centímetros. |
||
| 336 |
_atext _2rdacontent |
||
| 337 |
_aunmediated _2rdamedia |
||
| 338 |
_avolume _2rdacarrier |
||
| 490 | 0 | _aColección Estructuras y procesos. Serie Religión | |
| 504 | _aBibliografía al final de cada capítulo. | ||
| 505 | 0 | _aEl libro -- Las lenguas de la Biblia -- Las escrituras de la Biblia -- Transmisión escrita y transmisión oral -- Los escribas -- La filosofía alejandrina y la Biblia -- El libro sagrado -- El canon -- El canon bíblico -- Historia literaria del canon -- Historia social del canon -- El canon del Nuevo Testamento -- El Texto -- El texto hebreo de Antiguo Testamento -- La versión griega de LXX -- La interpretación la Biblia interprete de sí misma Historia de la hermenéutica judía -- Historia de la hermenéutica cristiana. | |
| 526 | _aSEG42 | ||
| 526 | _aSEG41 | ||
| 526 | _aSEG40 | ||
| 526 | _aSEG39 | ||
| 526 | _aP94 | ||
| 526 | _aP87 | ||
| 526 | _aP86 | ||
| 526 | _aP85 | ||
| 526 | _aP77 | ||
| 526 | _aP76 | ||
| 526 | _aP35 | ||
| 541 | _g007-0020315; | ||
| 541 | _g024-0003498; | ||
| 630 |
_aBiblia _xHistoria. |
||
| 910 |
_agl _bjv _cng _d20090916 |
||
| 942 |
_2ddc _cBOOK |
||
| 949 |
_a220.09 P45 _wDEWEY _c1 _i60786 _d2015-10-19 _e2015-10-18 _lCCODEBUL1 _mBUL _n1 _p35.00 _r0 _sY _tBOOK _u2015-7-6 _xTEOLOGIA _zUNKNOWN _0COMPRA _o.STAFF. Colección General |
||
| 949 |
_a220.09 P45 _wDEWEY _c2 _i60346 _lCCODEBUL1 _mBUL _p39.00 _r0 _sY _tBOOK _u2015-7-6 _xTEOLOGIA _zUNKNOWN _o.STAFF. Colección General |
||
| 994 |
_aC0 _bPEPRU |
||
| 596 | _a1 | ||
| 999 |
_a220.09 P45 _wDEWEY _c49809 _i60786 _d49809 _e2018-5-8 _f2021-11-9 _g5 _lCCODEBUL1 _mBUL _n9 _p35.00 _q1 _r0 _sY _tBOOK _u2015-7-6 _xTEOLOGIA _PP35 _0COMPRA _o.STAFF. Colección Teología |
||
| 999 |
_a220.09 P45 _wDEWEY _c2 _i60346 _lLOST _mBUL _p39.00 _r1 _sY _tBOOK _u2015-7-6 _xTEOLOGIA _zUNKNOWN _o.STAFF. Colección General |
||
| 980 |
_81 _gALBERTO SANCHEZ Responsable de Automatización |
||